[Event "40th ECC Open 2025"]
[Site "Rhodes GRE"]
[Date "2025.10.23"]
[Round "5.60"]
[White "Erten, Kerem"]
[Black "Penalver, Osmani"]
[Result "1-0"]
[WhiteTitle "FM"]
[BlackTitle "FM"]
[WhiteElo "2372"]
[BlackElo "2274"]
[WhiteTeam "Turkish Airlines sports club"]
[BlackTeam "Limhamns SK"]
[WhiteFideId "34588221"]
[BlackFideId "1704516"]
[EventDate "2025.10.19"]
[EventType "team"]

1. e4 c5 2. Nf3 d6 3. Nc3 Nf6 4. e5 dxe5 5. Nxe5 Nbd7 6. d4 e6 7. Bb5 a6 8.
Bxd7+ Nxd7 9. Qh5 Nxe5 10. dxe5 Bd7 11. Bg5 Be7 12. Ne4 Qa5+ 13. c3 Bf8 14. Rd1
Bc6 15. Nd6+ Bxd6 16. Rxd6 O-O 17. O-O Qxa2 18. Rd2 Qc4 19. Re1 Be4 20. Qg4 Bd3
21. Qf3 Bg6 22. Qxb7 h6 23. Be7 Rfb8 24. Qf3 a5 25. Bd6 Rc8 26. h3 a4 27. Ra1
Ra7 28. Ra3 Rca8 29. Qe3 Ra5 30. f3 Kh7 31. g4 Kg8 32. h4 Kh7 33. Bc7 Rb5 34. h5
Bb1 35. Ra1 Rc8 36. Bd6 a3 37. Rxb1 a2 38. Ra1 Kg8 39. Qe2 Qb3 40. Rxa2 Rb6 41.
Ra3 1-0

[Event "40th ECC Open 2025"]
[Site "Rhodes GRE"]
[Date "2025.10.23"]
[Round "5.61"]
[White "Erdos, Viktor"]
[Black "Mamedov, Rauf"]
[Result "1/2-1/2"]
[WhiteTitle "GM"]
[BlackTitle "GM"]
[WhiteElo "2538"]
[BlackElo "2655"]
[WhiteTeam "MTK Budapest"]
[BlackTeam "Vugar Gashimov"]
[WhiteFideId "719978"]
[BlackFideId "13401653"]
[EventDate "2025.10.19"]
[EventType "team"]

1. e4 c5 2. Nf3 Nc6 3. Bb5 Nf6 4. Nc3 g6 5. h3 Qc7 6. O-O Bg7 7. Re1 e5 8. d3
O-O 9. Bg5 d6 10. Bc4 Be6 11. Nh2 h6 12. Bxf6 Bxf6 13. Ng4 Bg5 14. Bxe6 fxe6 15.
Ne2 h5 16. Nh2 Bh6 17. c3 Rf6 18. Rf1 Raf8 19. Qe1 Qb6 20. b3 d5 21. Nf3 d4 22.
c4 Qd8 23. Qd1 Qe8 24. a3 a5 25. Ra2 Qf7 26. Ng3 Qc7 27. Rb2 Qd6 28. Ne1 Nd8 29.
Nc2 Bf4 30. Nh1 Nc6 31. Qe2 R6f7 32. Rfb1 Ra8 33. Qd1 Qe7 34. g3 Bh6 35. b4 axb4
36. axb4 cxb4 37. Nxb4 Ra3 38. Nc2 Rc3 39. Ne1 Qg5 40. h4 Qe7 41. Kg2 Ra3 1/2-1/2

[Event "40th ECC Open 2025"]
[Site "Rhodes GRE"]
[Date "2025.10.23"]
[Round "5.62"]
[White "Suleymanli, Aydin"]
[Black "Juhasz, Agoston"]
[Result "1/2-1/2"]
[WhiteTitle "GM"]
[BlackTitle "IM"]
[WhiteElo "2614"]
[BlackElo "2434"]
[WhiteTeam "Vugar Gashimov"]
[BlackTeam "MTK Budapest"]
[WhiteFideId "13413937"]
[BlackFideId "778346"]
[EventDate "2025.10.19"]
[EventType "team"]

1. e4 c5 2. Nf3 Nc6 3. Bb5 e6 4. c3 d5 5. d3 Ne7 6. Nbd2 a6 7. Ba4 Ng6 8. O-O
Be7 9. d4 b5 10. exd5 exd5 11. Bc2 O-O 12. dxc5 Bxc5 13. Nb3 Bb6 14. Nfd4 Nxd4
15. cxd4 Qh4 16. Qf3 Rd8 17. Be3 Bg4 18. Qg3 Qxg3 19. hxg3 Ne7 20. Rfc1 Rac8 21.
Nc5 Bxc5 22. dxc5 Nf5 23. Bd3 Nxe3 24. fxe3 d4 25. e4 Bd7 26. b4 Bc6 27. a4 Ra8
28. axb5 axb5 29. e5 Kf8 30. g4 Ke7 31. Rf1 Rdb8 32. Bc2 Bd5 33. Rad1 Ra2 34.
Rxd4 Rxc2 35. Rxd5 Ra8 36. c6 Rxc6 37. Rxb5 Ra7 38. Kh2 Rc2 39. Kh3 h6 40. Rf3
Rcc7 41. Re3 Rab7 42. Rxb7 Rxb7 43. Re4 Ke6 44. Kg3 Kd5 45. Kf4 Rb8 46. Kf5 Rb6
47. g3 Rb8 48. Kf4 Rb7 49. Ke3 Ra7 1/2-1/2

[Event "40th ECC Open 2025"]
[Site "Rhodes GRE"]
[Date "2025.10.23"]
[Round "5.63"]
[White "Pribelszky, Bence"]
[Black "Nogerbek, Kazybek"]
[Result "0-1"]
[WhiteTitle "IM"]
[BlackTitle "GM"]
[WhiteElo "2403"]
[BlackElo "2543"]
[WhiteTeam "MTK Budapest"]
[BlackTeam "Vugar Gashimov"]
[WhiteFideId "769738"]
[BlackFideId "13710427"]
[EventDate "2025.10.19"]
[EventType "team"]

1. Nf3 d5 2. g3 c5 3. Bg2 Nc6 4. d4 e6 5. O-O cxd4 6. Nxd4 Nge7 7. c3 Nxd4 8.
cxd4 Nc6 9. Nc3 Be7 10. b3 O-O 11. Bb2 Bf6 12. e3 b6 13. Qd2 Ba6 14. Rfd1 Rc8
15. Kh1 Nb4 16. a4 Be7 17. Ba3 Qd7 18. Kg1 Rfe8 19. Bf1 Bxf1 20. Rxf1 Nc6 21.
Bxe7 Qxe7 22. Nb5 a6 23. Na3 Qb4 24. Qd3 Nb8 25. Rfb1 Rc7 26. Nc2 Qd6 27. Qd2
Nc6 28. b4 Rec8 29. Ne1 a5 30. Nd3 axb4 31. Qb2 h6 32. Kg2 Qd8 33. Nxb4 Na5 34.
Nd3 Qf6 35. Rc1 Nc4 36. Qe2 Qf5 37. Rd1 Qe4+ 38. Kg1 Na5 39. Rac1 Rxc1 40. Rxc1
Rxc1+ 41. Nxc1 Qb1 42. Qf1 Qc2 43. Nd3 Nc4 44. Nf4 Qxa4 45. Qe2 b5 46. e4 Qa1+
47. Kg2 Qxd4 48. exd5 e5 49. Qd3 Qxd3 50. Nxd3 Kf8 51. Kf3 f5 52. Ke2 Ke7 53.
Nb4 Kd6 54. Kd3 Nb6 55. f4 exf4 56. Kd4 f3 0-1

[Event "40th ECC Open 2025"]
[Site "Rhodes GRE"]
[Date "2025.10.23"]
[Round "5.64"]
[White "Ahmadzada, Ahmad"]
[Black "Papp, Levente"]
[Result "1-0"]
[WhiteTitle "GM"]
[BlackTitle "FM"]
[WhiteElo "2523"]
[BlackElo "2360"]
[WhiteTeam "Vugar Gashimov"]
[BlackTeam "MTK Budapest"]
[WhiteFideId "13413007"]
[BlackFideId "751243"]
[EventDate "2025.10.19"]
[EventType "team"]

1. d4 e6 2. Nf3 Nf6 3. Bf4 c5 4. e3 Nc6 5. Nbd2 d5 6. c3 cxd4 7. exd4 Nh5 8. Be3
Bd6 9. Ne5 Nf6 10. f4 Ng8 11. Qg4 g6 12. h4 Qb6 13. O-O-O h5 14. Qf3 Nge7 15.
Nec4 dxc4 16. d5 exd5 17. Bxb6 Bg4 18. Qe3 axb6 19. Ne4 dxe4 20. Rxd6 Nf5 21.
Qxe4+ Kf8 22. Rxc6 bxc6 23. Qe5 Rh7 24. Bxc4 Re8 25. Qf6 b5 26. Bxf7 Re2 27.
Bd5+ Ke8 28. Bxc6+ Rd7 29. Bxd7+ Kxd7 30. Rd1+ Kc7 31. Qd8+ Kc6 32. b4 1-0

[Event "40th ECC Open 2025"]
[Site "Rhodes GRE"]
[Date "2025.10.23"]
[Round "5.65"]
[White "Juhasz, Armin"]
[Black "Samadov, Read"]
[Result "0-1"]
[WhiteTitle "IM"]
[BlackTitle "IM"]
[WhiteElo "2375"]
[BlackElo "2523"]
[WhiteTeam "MTK Budapest"]
[BlackTeam "Vugar Gashimov"]
[WhiteFideId "724270"]
[BlackFideId "13417444"]
[EventDate "2025.10.19"]
[EventType "team"]

1. d4 Nf6 2. c4 g6 3. Nc3 Bg7 4. e4 d6 5. Be2 O-O 6. Nf3 e5 7. O-O Na6 8. Be3
Qe7 9. dxe5 dxe5 10. Nd5 Qd8 11. Bg5 c6 12. Nxf6+ Bxf6 13. Qxd8 Bxd8 14. Bxd8
Rxd8 15. h3 f6 16. Rfd1 Be6 17. Ne1 Kf8 18. f3 Ke7 19. Kf2 Bf7 20. g3 Nc5 21. h4
Ne6 22. Bf1 h5 23. Rac1 a5 24. Ke3 Nc5 25. Nd3 Nxd3 26. Rxd3 g5 27. Rxd8 Rxd8
28. Be2 Rg8 29. Kf2 gxh4 30. gxh4 Be6 31. Bf1 Rd8 32. Ke3 f5 33. exf5 Bxf5 34.
c5 Be6 35. Bd3 Rd4 36. Be4 Bxa2 37. Ra1 Bd5 38. Bxd5 cxd5 39. Rxa5 Rb4 40. Ra8
Rb3+ 41. Ke2 Rxb2+ 42. Kd3 Rb3+ 43. Ke2 Rb4 44. Rh8 Rxh4 45. Rh7+ Ke6 46. Rxb7
Rh2+ 47. Kd3 Rf2 48. Ke3 Rc2 49. Kd3 Rxc5 50. Rh7 Kf5 51. Rxh5+ Kf4 52. Rh3 Ra5
53. Rh5 Ra3+ 54. Ke2 Re3+ 55. Kd2 Rxf3 56. Rh4+ Kf5 57. Rh5+ Ke4 0-1

[Event "40th ECC Open 2025"]
[Site "Rhodes GRE"]
[Date "2025.10.23"]
[Round "5.66"]
[White "Babazada, Khazar"]
[Black "Matyassy, Lazar"]
[Result "1-0"]
[WhiteTitle "IM"]
[BlackTitle "FM"]
[WhiteElo "2502"]
[BlackElo "2313"]
[WhiteTeam "Vugar Gashimov"]
[BlackTeam "MTK Budapest"]
[WhiteFideId "13413554"]
[BlackFideId "17005167"]
[EventDate "2025.10.19"]
[EventType "team"]

1. e4 c5 2. Nf3 d6 3. d4 cxd4 4. Nxd4 Nf6 5. Nc3 Nc6 6. Bg5 e6 7. Qd2 a6 8.
O-O-O Bd7 9. f4 b5 10. Bxf6 gxf6 11. Kb1 Qb6 12. Nf5 exf5 13. Nd5 Qd8 14. exf5
Be7 15. Re1 Ne5 16. fxe5 dxe5 17. g4 Rg8 18. Bg2 Rxg4 19. Bf3 Bc6 20. Nxf6+ Bxf6
21. Bxc6+ Kf8 22. Qe2 1-0

[Event "40th ECC Open 2025"]
[Site "Rhodes GRE"]
[Date "2025.10.23"]
[Round "5.67"]
[White "Gelfand, Boris"]
[Black "Sahidi, Samir"]
[Result "1/2-1/2"]
[WhiteTitle "GM"]
[BlackTitle "IM"]
[WhiteElo "2636"]
[BlackElo "2490"]
[WhiteTeam "Rishon Le Zion #1"]
[BlackTeam "SK K Cero Invest Nitra"]
[WhiteFideId "2805677"]
[BlackFideId "14936372"]
[EventDate "2025.10.19"]
[EventType "team"]

1. d4 Nf6 2. c4 e6 3. Nf3 Bb4+ 4. Nbd2 b6 5. a3 Bxd2+ 6. Qxd2 Bb7 7. e3 O-O 8.
Be2 d5 9. b3 Nbd7 10. O-O c5 11. Bb2 Rc8 12. Rac1 Qc7 13. Rfd1 Qb8 14. dxc5 bxc5
15. Qc3 Rfd8 16. cxd5 exd5 17. b4 d4 18. exd4 Nd5 19. Qb3 cxb4 20. axb4 Qd6 21.
Rxc8 Rxc8 22. Ne5 Nxe5 23. dxe5 Qxb4 24. Qxb4 Nxb4 25. e6 fxe6 26. Bg4 Kf8 27.
Rd7 Bd5 28. h3 g6 29. Ba3 Rb8 30. Rxa7 Kg8 31. Bc1 h5 32. Be2 Nc6 33. Ra1 Kf7
34. Be3 Rb2 1/2-1/2

[Event "40th ECC Open 2025"]
[Site "Rhodes GRE"]
[Date "2025.10.23"]
[Round "5.68"]
[White "Haring, Filip"]
[Black "Rodshtein, Maxim"]
[Result "1/2-1/2"]
[WhiteTitle "IM"]
[BlackTitle "GM"]
[WhiteElo "2479"]
[BlackElo "2647"]
[WhiteTeam "SK K Cero Invest Nitra"]
[BlackTeam "Rishon Le Zion #1"]
[WhiteFideId "14933080"]
[BlackFideId "2806851"]
[EventDate "2025.10.19"]
[EventType "team"]

1. e4 c5 2. Nf3 d6 3. d4 cxd4 4. Nxd4 Nf6 5. Nc3 a6 6. f3 e5 7. Nb3 Be6 8. Be3
h5 9. Qd2 Nbd7 10. Nd5 Bxd5 11. exd5 g6 12. O-O-O Bg7 13. Kb1 Qc7 14. Rg1 O-O
15. Qf2 b5 16. g4 Rfc8 17. g5 Ne8 18. c3 Rab8 19. Nd2 Nb6 20. Bxb6 Qxb6 21. Qxb6
Rxb6 22. Ne4 Nc7 23. c4 bxc4 24. Bxc4 Rcb8 25. Rg2 Kf8 26. Rc2 Ke7 27. Bf1 Kd8
28. b3 a5 29. Rc6 Bf8 30. Bc4 Be7 31. Kb2 Kd7 32. Rxb6 Rxb6 33. a4 Bd8 34. Rf1
Ke7 35. f4 exf4 36. Rxf4 Kf8 37. h4 Kg7 38. Kc2 Be7 39. Rf3 Rb4 40. Re3 Kf8 41.
Nf2 Rb8 42. Nd3 Bd8 43. Re4 Rc8 44. Kd2 f6 45. gxf6 Bxf6 46. Nf4 Kg7 47. Bd3
Bxh4 48. Nxh5+ gxh5 49. Rxh4 Rh8 50. Be2 Kg6 51. Rc4 Nxd5 52. Rd4 Nb4 53. Rxd6+
Kg5 54. Ke3 h4 55. Bf3 1/2-1/2

[Event "40th ECC Open 2025"]
[Site "Rhodes GRE"]
[Date "2025.10.23"]
[Round "5.69"]
[White "Steinberg, Nitzan"]
[Black "Stohl, Igor"]
[Result "1-0"]
[WhiteTitle "GM"]
[BlackTitle "GM"]
[WhiteElo "2554"]
[BlackElo "2394"]
[WhiteTeam "Rishon Le Zion #1"]
[BlackTeam "SK K Cero Invest Nitra"]
[WhiteFideId "2801795"]
[BlackFideId "14900025"]
[EventDate "2025.10.19"]
[EventType "team"]

1. e4 e5 2. Nf3 Nf6 3. d4 Nxe4 4. Bd3 d5 5. Nxe5 Nd7 6. Nxd7 Bxd7 7. O-O Bd6 8.
Nc3 Nxc3 9. bxc3 O-O 10. Qh5 f5 11. Bg5 Qe8 12. Qf3 Qg6 13. Bd2 c6 14. Bf4 Rae8
15. Rfe1 b5 16. h3 Re4 17. Be5 Bxe5 18. dxe5 Ra4 19. e6 Bxe6 20. Qe3 Bf7 21. Qc5
Qf6 22. a3 g6 23. Re7 b4 24. Rc7 Qxc3 25. Qxc3 bxc3 26. Rxc6 d4 27. Rc7 Kg7 28.
f4 Kh6 29. g4 fxg4 30. hxg4 Be6 31. f5 Bf7 32. Rf1 Bg8 33. Kg2 gxf5 34. gxf5 Rf6
35. Rh1+ 1-0

[Event "40th ECC Open 2025"]
[Site "Rhodes GRE"]
[Date "2025.10.23"]
[Round "5.70"]
[White "Bochnicka, Vladimir ml."]
[Black "Sokolovsky, Yahli"]
[Result "1/2-1/2"]
[WhiteTitle "IM"]
[BlackTitle "GM"]
[WhiteElo "2347"]
[BlackElo "2539"]
[WhiteTeam "SK K Cero Invest Nitra"]
[BlackTeam "Rishon Le Zion #1"]
[WhiteFideId "14943450"]
[BlackFideId "2820242"]
[EventDate "2025.10.19"]
[EventType "team"]

1. e4 c5 2. Nf3 d6 3. d4 cxd4 4. Nxd4 Nf6 5. Nc3 a6 6. Be3 e5 7. Nb3 Be6 8. f3
h5 9. Nd5 Bxd5 10. exd5 Nbd7 11. Qd2 g6 12. O-O-O Bg7 13. Kb1 Rc8 14. Be2 O-O
15. g4 hxg4 16. fxg4 Nb6 17. g5 Nfxd5 18. Bxb6 Nxb6 19. Qxd6 Qc7 20. Qxc7 Rxc7
21. Nd2 Na4 22. Ne4 Nc5 23. Bf3 Ne6 24. c3 Rb8 25. Bg4 Nc5 26. Nxc5 Rxc5 27. Bf3
e4 28. Bxe4 Rxg5 29. Rd7 b5 30. Rf1 Rf8 31. Bd5 Kh7 32. Bb7 Rh5 33. Rfxf7 Rxf7
34. Rxf7 Rxh2 35. Bxa6 b4 36. Bd3 Kh6 37. Rc7 bxc3 38. bxc3 g5 39. Rc4 Kh5 40.
Rc7 Bh6 41. Rc5 Kh4 42. Rc4+ g4 43. Bf5 Kg5 44. Bc8 Rh4 45. Bb7 g3 46. Rxh4 Kxh4
47. Kc2 Kg5 48. Kd3 Kf6 49. Kc4 Ke7 50. Kb5 Kd8 51. c4 Kc7 52. Bg2 Kb8 53. c5
Bf4 54. a4 Bc7 55. a5 Bf4 56. a6 Ka7 57. Bb7 1/2-1/2

[Event "40th ECC Open 2025"]
[Site "Rhodes GRE"]
[Date "2025.10.23"]
[Round "5.71"]
[White "Zanan, Evgeny"]
[Black "Jablonicky, Martin"]
[Result "1-0"]
[WhiteTitle "GM"]
[BlackTitle "IM"]
[WhiteElo "2504"]
[BlackElo "2330"]
[WhiteTeam "Rishon Le Zion #1"]
[BlackTeam "SK K Cero Invest Nitra"]
[WhiteFideId "24101940"]
[BlackFideId "14925621"]
[EventDate "2025.10.19"]
[EventType "team"]

1. e4 g6 2. d4 Bg7 3. Nf3 d6 4. Be2 Nf6 5. Nc3 O-O 6. O-O a6 7. a4 b6 8. e5 Nfd7
9. exd6 exd6 10. Bg5 Bf6 11. h4 Bb7 12. Qd2 Nc6 13. Ne4 Bxg5 14. hxg5 Ne7 15.
Ng3 f5 16. Bc4+ d5 17. Bb3 Nc8 18. Qf4 Nd6 19. Rfe1 Re8 20. Rxe8+ Qxe8 21. Re1
Qf8 22. Ne5 Re8 23. Re3 Qg7 24. c4 Nxe5 25. dxe5 Nxc4 26. Bxc4 dxc4 27. Qxc4+
Qf7 28. e6 Qe7 29. Ne2 Qxg5 30. Nf4 Qe7 31. Rc3 c5 32. Rd3 Bc6 33. Rd7 b5 34.
axb5 axb5 35. Qa2 Qf6 36. Rf7 Qd4 37. Qa7 Ra8 38. Qc7 g5 39. Rxf5 1-0

[Event "40th ECC Open 2025"]
[Site "Rhodes GRE"]
[Date "2025.10.23"]
[Round "5.72"]
[White "Chovan, Milan"]
[Black "Bronstein, Or"]
[Result "0-1"]
[WhiteTitle "FM"]
[BlackTitle "IM"]
[WhiteElo "2304"]
[BlackElo "2460"]
[WhiteTeam "SK K Cero Invest Nitra"]
[BlackTeam "Rishon Le Zion #1"]
[WhiteFideId "14933691"]
[BlackFideId "2815770"]
[EventDate "2025.10.19"]
[EventType "team"]

1. d4 Nf6 2. c4 e6 3. Nc3 Bb4 4. Qc2 d6 5. Bg5 h6 6. Bh4 Bxc3+ 7. Qxc3 g5 8. Bg3
Ne4 9. Qc2 Nxg3 10. hxg3 Bd7 11. e3 Qf6 12. Ne2 h5 13. Nc3 Nc6 14. a3 g4 15.
O-O-O a6 16. Bd3 Qg7 17. Kb1 Ne7 18. c5 dxc5 19. Ne4 b6 20. dxc5 b5 21. c6 Bxc6
22. Qc5 f5 23. Nc3 Bxg2 24. Rh2 Bf3 25. Be2 Bc6 26. e4 Qf6 27. Ka1 Kf8 28. e5
Qg5 29. Na2 Bd5 30. Qxc7 Rc8 31. Qb6 Kf7 32. Nc3 Bb3 33. Rhh1 Rb8 34. Qxa6 b4
35. Nb5 bxa3 36. Rd7 axb2+ 37. Kxb2 Bd5 38. Rd1 Rhc8 39. Rd6 Ra8 40. Qb6 Ra2+
41. Kb1 Rc1+ 42. Rxc1 Ra1+ 0-1

[Event "40th ECC Open 2025"]
[Site "Rhodes GRE"]
[Date "2025.10.23"]
[Round "5.73"]
[White "Seel, Christian"]
[Black "Warmerdam, Max"]
[Result "0-1"]
[WhiteTitle "IM"]
[BlackTitle "GM"]
[WhiteElo "2481"]
[BlackElo "2582"]
[WhiteTeam "KSK Rochade (BEL)"]
[BlackTeam "Kfar Saba"]
[WhiteFideId "4663098"]
[BlackFideId "1048104"]
[EventDate "2025.10.19"]
[EventType "team"]

1. Nf3 Nf6 2. c4 e6 3. Nc3 Bb4 4. Qc2 O-O 5. g3 d5 6. cxd5 exd5 7. a3 Be7 8. d4
a5 9. Bg2 c6 10. O-O Re8 11. Ne5 Nbd7 12. Nxd7 Bxd7 13. Bg5 Qc8 14. Qd2 Bf5 15.
f3 Bg6 16. Rac1 Qd8 17. Bf4 b5 18. Nd1 Qb6 19. Nf2 b4 20. a4 c5 21. b3 Bf8 22.
Rfd1 cxd4 23. Nd3 Rac8 24. Ne5 Rc3 25. Nxg6 hxg6 26. Qxd4 Bc5 0-1

[Event "40th ECC Open 2025"]
[Site "Rhodes GRE"]
[Date "2025.10.23"]
[Round "5.74"]
[White "Gorshtein, Ido"]
[Black "Nagy, Gabor1"]
[Result "1-0"]
[WhiteTitle "GM"]
[BlackTitle "GM"]
[WhiteElo "2537"]
[BlackElo "2441"]
[WhiteTeam "Kfar Saba"]
[BlackTeam "KSK Rochade (BEL)"]
[WhiteFideId "2815532"]
[BlackFideId "737119"]
[EventDate "2025.10.19"]
[EventType "team"]

1. c4 c5 2. Nf3 Nc6 3. Nc3 Nf6 4. g3 d6 5. Bg2 g6 6. O-O Bg7 7. a3 O-O 8. Rb1
Bf5 9. d3 a5 10. h3 Rb8 11. Bd2 Ne8 12. Qc1 Nc7 13. a4 e5 14. Bh6 Nd4 15. Nxd4
exd4 16. Ne4 Bxe4 17. dxe4 Bxh6 18. Qxh6 Qe7 19. h4 b6 20. Rbd1 Rbe8 21. Rd3 Qd7
22. b3 f5 23. exf5 Qxf5 24. Bf3 Qe5 25. Kg2 Qg7 26. Qxg7+ Kxg7 27. e3 Ne6 28.
Rfd1 Rf6 29. Bg4 dxe3 30. Rxe3 Nc7 31. Red3 h5 32. Bd7 Re2 33. Rf3 Rxf3 34. Kxf3
Rb2 35. Rxd6 Rxb3+ 36. Kf4 Kf7 37. Rc6 Na6 38. Be6+ Ke7 39. Bg8 Nb4 40. Rxg6
Nd3+ 41. Kg5 Nxf2 42. Kxh5 Rb4 43. Bd5 Nd3 44. Kg5 Rxa4 45. h5 Ra2 46. Rxb6 Nb4
47. h6 Rh2 48. h7 a4 49. Rh6 1-0

[Event "40th ECC Open 2025"]
[Site "Rhodes GRE"]
[Date "2025.10.23"]
[Round "5.75"]
[White "Glek, Igor"]
[Black "Boruchovsky, Avital"]
[Result "1/2-1/2"]
[WhiteTitle "GM"]
[BlackTitle "GM"]
[WhiteElo "2432"]
[BlackElo "2509"]
[WhiteTeam "KSK Rochade (BEL)"]
[BlackTeam "Kfar Saba"]
[WhiteFideId "4100484"]
[BlackFideId "2800055"]
[EventDate "2025.10.19"]
[EventType "team"]

1. e4 c5 2. Nf3 Nc6 3. Bb5 e6 4. O-O Nge7 5. Re1 a6 6. Bxc6 Nxc6 7. d4 cxd4 8.
Nxd4 Qc7 9. Nxc6 bxc6 10. e5 d5 11. exd6 Bxd6 12. Qh5 O-O 13. Nd2 e5 14. Nc4 f6
15. Be3 Be6 16. Nxd6 Qxd6 17. f4 Qb4 18. b3 Rfe8 19. fxe5 Bf7 20. Qe2 Rxe5 21.
Qd2 Qg4 22. h3 Qg6 23. c4 Be6 24. Kh2 Bf5 25. Bf4 Ree8 26. Rxe8+ Rxe8 27. Re1 h5
28. Rxe8+ Qxe8 29. Qe3 Be4 30. a4 Qe6 31. Bb8 Kh7 32. Qe2 Qe8 33. Bg3 Qg6 34. b4
Bd3 35. Qf3 Bxc4 36. Qxc6 Bd3 37. Qf3 Be4 38. Qe2 Bd3 1/2-1/2

[Event "40th ECC Open 2025"]
[Site "Rhodes GRE"]
[Date "2025.10.23"]
[Round "5.76"]
[White "Levin, Guy"]
[Black "Berczes, David"]
[Result "1-0"]
[WhiteTitle "IM"]
[BlackTitle "GM"]
[WhiteElo "2466"]
[BlackElo "2419"]
[WhiteTeam "Kfar Saba"]
[BlackTeam "KSK Rochade (BEL)"]
[WhiteFideId "2824213"]
[BlackFideId "722960"]
[EventDate "2025.10.19"]
[EventType "team"]

1. c4 e6 2. Nc3 d5 3. d4 Nf6 4. cxd5 exd5 5. Bf4 Bd6 6. Bxd6 Qxd6 7. e3 O-O 8.
Bd3 Qe7 9. h3 c5 10. Nge2 b6 11. O-O Rd8 12. Rc1 Ba6 13. Bb1 Nc6 14. Qa4 Qb7 15.
Rfe1 Bc4 16. dxc5 bxc5 17. b3 Ba6 18. Qh4 Qe7 19. Na4 Bxe2 20. Rxc5 d4 21. Rxe2
dxe3 22. Rxc6 Rd1+ 23. Kh2 Rxb1 24. Rxe3 Qd7 25. Rxf6 gxf6 26. Rg3+ Kf8 27. Qh6+ 1-0

[Event "40th ECC Open 2025"]
[Site "Rhodes GRE"]
[Date "2025.10.23"]
[Round "5.77"]
[White "Coenen, Norbert"]
[Black "Erenberg, Ariel"]
[Result "0-1"]
[WhiteTitle "IM"]
[BlackTitle "IM"]
[WhiteElo "2263"]
[BlackElo "2510"]
[WhiteTeam "KSK Rochade (BEL)"]
[BlackTeam "Kfar Saba"]
[WhiteFideId "4619455"]
[BlackFideId "2811634"]
[EventDate "2025.10.19"]
[EventType "team"]

1. e4 c5 2. Nf3 d6 3. d4 cxd4 4. Nxd4 Nf6 5. Nc3 a6 6. Be2 e6 7. O-O Be7 8. f4
Qc7 9. Kh1 O-O 10. Bf3 Bd7 11. e5 Ne8 12. Qe1 Nc6 13. Nxc6 Bxc6 14. Qg3 Bxf3 15.
Rxf3 b5 16. f5 dxe5 17. fxe6 fxe6 18. Bg5 Nd6 19. Bxe7 Nf5 20. Rxf5 Rxf5 21. Bg5
b4 22. Ne4 Raf8 23. h4 Qxc2 24. Bh6 R5f7 25. Nd6 Qxb2 26. Re1 Qf2 27. Qxe5 Qxe1+ 0-1

[Event "40th ECC Open 2025"]
[Site "Rhodes GRE"]
[Date "2025.10.23"]
[Round "5.78"]
[White "Mindlin, Alon"]
[Black "Huesmann, Thomas"]
[Result "1-0"]
[WhiteTitle "IM"]
[BlackTitle "FM"]
[WhiteElo "2451"]
[BlackElo "2119"]
[WhiteTeam "Kfar Saba"]
[BlackTeam "KSK Rochade (BEL)"]
[WhiteFideId "2800071"]
[BlackFideId "200441"]
[EventDate "2025.10.19"]
[EventType "team"]

1. Nf3 f5 2. g3 Nf6 3. Bg2 e6 4. c4 d5 5. O-O Be7 6. d3 O-O 7. b3 c5 8. cxd5
exd5 9. Bb2 d4 10. b4 Nc6 11. bxc5 Bxc5 12. Nbd2 h6 13. Qa4 Bb6 14. Nb3 f4 15.
Nbxd4 fxg3 16. hxg3 Qe8 17. Nxc6 bxc6 18. Ne5 Ng4 19. Nxg4 Qxe2 20. Ne3 Qxb2 21.
Rab1 Qd2 22. Rxb6 axb6 23. Qxa8 Bg4 24. Qxc6 Be2 25. Qc1 Qxd3 26. Bd5+ 1-0

[Event "40th ECC Open 2025"]
[Site "Rhodes GRE"]
[Date "2025.10.23"]
[Round "5.79"]
[White "Rozen, Eytan"]
[Black "Kaczmarczyk, Dennis"]
[Result "1-0"]
[WhiteTitle "IM"]
[BlackTitle "IM"]
[WhiteElo "2510"]
[BlackElo "2473"]
[WhiteTeam "Beer Sheva"]
[BlackTeam "SG Winterthur"]
[WhiteFideId "2816750"]
[BlackFideId "24608297"]
[EventDate "2025.10.19"]
[EventType "team"]

1. Nf3 Nf6 2. c4 b6 3. g3 Bb7 4. Bg2 g6 5. d4 Bg7 6. O-O O-O 7. Re1 e6 8. Qc2
Be4 9. Qd1 Bb7 10. Qc2 Be4 11. Qb3 Nc6 12. Nbd2 d5 13. cxd5 Bxd5 14. Qd3 Nb4 15.
Qb1 Bb7 16. a3 Nc6 17. Ne5 Nd5 18. Nxc6 Bxc6 19. Qc2 Bb7 20. e4 Ne7 21. Nb3 Nc6
22. d5 Nd4 23. Nxd4 Bxd4 24. Bh6 Re8 25. Rad1 Qf6 26. dxe6 c5 27. e5 Qe7 28.
exf7+ Qxf7 29. Bf4 Bxg2 30. Kxg2 Qd5+ 31. f3 Re6 32. h4 a5 33. a4 Rf8 34. Re4
Rfe8 35. b3 Kg7 36. Qd3 Qc6 37. Qc4 Rb8 38. Bg5 b5 39. Bf6+ Kg8 40. axb5 Rxb5
41. h5 gxh5 42. Qc1 Qe8 43. g4 Rxb3 44. Rdxd4 cxd4 45. gxh5 Rxf6 46. exf6 1-0

[Event "40th ECC Open 2025"]
[Site "Rhodes GRE"]
[Date "2025.10.23"]
[Round "5.80"]
[White "Kurmann, Oliver"]
[Black "Ben Ari, Yannay"]
[Result "1/2-1/2"]
[WhiteTitle "IM"]
[BlackTitle "IM"]
[WhiteElo "2409"]
[BlackElo "2459"]
[WhiteTeam "SG Winterthur"]
[BlackTeam "Beer Sheva"]
[WhiteFideId "1308173"]
[BlackFideId "2815222"]
[EventDate "2025.10.19"]
[EventType "team"]

1. e4 c5 2. Nf3 d6 3. d4 cxd4 4. Nxd4 Nf6 5. Nc3 a6 6. Rg1 e5 7. Nb3 h5 8. h3
Be6 9. Qf3 h4 10. Bd2 Nbd7 11. g4 hxg3 12. fxg3 Rc8 13. g4 Be7 14. g5 Nh5 15. h4
Nf4 16. Rh1 f6 17. Bxf4 exf4 18. g6 Ne5 19. Qxf4 f5 20. O-O-O Rxh4 21. Rxh4 Bxh4
22. Kb1 Nxg6 23. Qh2 f4 24. Nd4 Bd7 25. Bh3 Rxc3 26. bxc3 Qb6+ 27. Ka1 Qa5 28.
Bxd7+ Kxd7 29. Qh3+ Kc7 30. Rb1 Bf6 31. Rb3 Bxd4 32. cxd4 Qe1+ 33. Kb2 Qxe4 34.
Qh7 f3 35. Qxg7+ Ne7 36. Rd3 f2 37. Qf7 Qe1 38. Rf3 Qb4+ 39. Qb3 Qxd4+ 40. Qc3+
Nc6 41. Qxd4 Nxd4 42. Rxf2 Kc6 43. Kc3 Ne6 44. Rf6 Nc5 45. Rh6 Na4+ 46. Kd4 Nc5
47. a3 1/2-1/2